عرض عادي عرض مارك
  • Kacprzyk, Janusz.

مدخل إسم شخص

عدد التسجيلات المستخدمة في: 1

001 - رقم الضبط

  • حقل الضبط: 52484

003 - معرف رقم الضبط

  • حقل الضبط: OSt

005 - تاريخ ووقت أخر عملية

  • حقل الضبط: 20151014172205.0

008 - عناصر بيانات ثابتة الطول

  • حقل تحكم ثابت الطول: 151014|| aca||aabn | a|a d

040 ## - مصدر الفهرسة

  • هيئة الفهرسة الأصلية: OSt
  • وكالة الكتابة: OSt

100 ## - مدخل -- أسم شخص

  • إسم شخص: Kacprzyk, Janusz.
  • مصطلح الرابط: editor.

670 ## - بيانات المصدر موجوده

  • الاستشهاد بالمصدر: Work cat.: (OSt)0: Kumar, K. Vinoth editor. 52475, / Soft Computing, 2012